[Event "DVM U12 2023"]
[Site "Magdeburg GER"]
[Date "2023.12.27"]
[Round "1"]
[White "Dodul, Arthur"]
[Black "Nguyen, Thanh An"]
[Result "1/2-1/2"]
[Termination "normal"]
[Board "5.1"]
[WhiteElo "1569"]
[BlackElo "1577"]
[WhiteClock "00:50:45"]
[BlackClock "00:12:44"]
[WhiteTeam "Barnimer SF im SV Stahl Finow"]
[BlackTeam "SV Dresden-Striesen 1990"]
[PlyCount "70"]
[WhiteFideId "34609016"]
[BlackFideId "34627804"]
[EventCountry "GER"]
[EventRounds "7"]
[EventType "team-swiss"]
[EventDate "2023.12.26"]

1. e4 {[%clk 01:30:57]} {[%emt 00:00:02]} c6 {[%clk 01:30:54]} {[%emt
00:00:06]} 2. Nf3 {[%clk 01:30:56]} {[%emt 00:00:31]} d5 {[%clk 01:31:15]}
{[%emt 00:00:10]} 3. Nc3 {[%clk 01:31:13]} {[%emt 00:00:13]} dxe4 {[%emt
00:01:01]} 4. Nxe4 {[%clk 01:31:22]} {[%emt 00:00:18]} Nf6 {[%clk 01:29:55]}
{[%emt 00:01:22]} 5. Nxf6+ {[%clk 01:31:17]} {[%emt 00:00:35]} exf6 {[%clk
01:30:20]} {[%emt 00:00:06]} 6. d4 {[%clk 01:30:26]} {[%emt 00:01:20]} Bd6
{[%clk 01:29:28]} {[%emt 00:01:22]} 7. Be2 {[%clk 01:29:59]} {[%emt 00:00:56]}
Bf5 {[%emt 00:02:08]} 8. Be3 {[%clk 01:29:32]} {[%emt 00:00:55]} a5 {[%clk
01:21:03]} {[%emt 00:07:20]} 9. O-O {[%clk 01:28:50]} {[%emt 00:01:11]} O-O
{[%clk 01:21:26]} {[%emt 00:00:08]} 10. Bd3 {[%clk 01:26:39]} {[%emt 00:02:41]}
Bg6 {[%clk 01:18:18]} {[%emt 00:03:38]} 11. Nh4 {[%clk 01:22:49]} {[%emt
00:04:20]} Na6 {[%clk 01:12:59]} {[%emt 00:05:51]} 12. Nxg6 {[%clk 01:22:35]}
{[%emt 00:00:44]} hxg6 {[%clk 01:09:18]} {[%emt 00:04:10]} 13. c3 {[%clk
01:22:13]} {[%emt 00:00:52]} f5 {[%clk 01:07:12]} {[%emt 00:02:37]} 14. Qf3
{[%clk 01:20:32]} {[%emt 00:02:05]} Nc7 {[%clk 01:03:24]} {[%emt 00:04:24]} 15.
c4 {[%clk 01:18:26]} {[%emt 00:02:36]} Ne6 {[%clk 01:01:04]} {[%emt 00:02:49]}
16. d5 {[%clk 01:17:05]} {[%emt 00:01:51]} cxd5 {[%clk 01:01:11]} {[%emt
00:00:23]} 17. cxd5 {[%clk 01:17:15]} {[%emt 00:00:20]} Ng5 {[%clk 01:00:43]}
{[%emt 00:00:58]} 18. Bxg5 {[%clk 01:16:21]} {[%emt 00:01:25]} Qxg5 {[%clk
00:58:51]} {[%emt 00:02:22]} 19. h3 {[%clk 01:14:49]} {[%emt 00:02:01]} Rfd8
{[%clk 00:54:33]} {[%emt 00:04:48]} 20. Bc4 {[%clk 01:13:09]} {[%emt 00:02:09]}
Rac8 {[%clk 00:54:33]} {[%emt 00:00:30]} 21. Bb3 {[%clk 01:07:33]} {[%emt
00:06:06]} b5 {[%clk 00:44:47]} {[%emt 00:10:16]} 22. a4 {[%clk 01:06:20]}
{[%emt 00:01:44]} b4 {[%clk 00:41:02]} {[%emt 00:04:15]} 23. Rfe1 {[%clk
01:05:30]} {[%emt 00:01:20]} Qd2 {[%clk 00:27:18]} {[%emt 00:14:15]} 24. Rab1
{[%clk 01:03:31]} {[%emt 00:02:29]} Re8 {[%clk 00:24:17]} {[%emt 00:03:31]} 25.
Rxe8+ {[%clk 01:01:59]} {[%emt 00:02:02]} Rxe8 {[%clk 00:24:37]} {[%emt
00:00:10]} 26. Bc4 {[%clk 01:00:52]} {[%emt 00:01:36]} Qc2 {[%clk 00:24:14]}
{[%emt 00:00:52]} 27. Qd3 {[%clk 00:59:18]} {[%emt 00:02:04]} Re2 {[%clk
00:16:52]} {[%emt 00:07:52]} 28. Qxc2 {[%clk 00:59:16]} {[%emt 00:00:32]} Rxc2
{[%clk 00:17:19]} {[%emt 00:00:04]} 29. b3 {[%clk 00:59:23]} {[%emt 00:00:23]}
Bc5 {[%clk 00:17:21]} {[%emt 00:00:27]} 30. Rf1 {[%clk 00:58:44]} {[%emt
00:01:08]} f4 {[%clk 00:17:43]} {[%emt 00:00:09]} 31. Bd3 {[%clk 00:51:14]}
{[%emt 00:08:00]} Rd2 {[%clk 00:16:38]} {[%emt 00:01:34]} 32. Bc4 {[%clk
00:51:17]} {[%emt 00:00:27]} Kf8 {[%clk 00:17:00]} {[%emt 00:00:08]} 33. h4
{[%clk 00:50:47]} {[%emt 00:00:59]} Ke7 {[%clk 00:16:44]} {[%emt 00:00:45]} 34.
Re1+ {[%clk 00:50:54]} {[%emt 00:00:24]} Kd6 {[%clk 00:14:59]} {[%emt
00:02:15]} 35. Re2 {[%clk 00:50:45]} {[%emt 00:00:39]} Rxe2 {[%clk 00:12:44]}
{[%emt 00:02:46]} 1/2-1/2

[Event "DVM U12 2023"]
[Site "Magdeburg GER"]
[Date "2023.12.27"]
[Round "1"]
[White "Thoms, Eric"]
[Black "Madel, Luca"]
[Result "1/2-1/2"]
[Termination "normal"]
[Board "5.2"]
[WhiteElo "1297"]
[BlackElo "1335"]
[WhiteClock "01:12:02"]
[BlackClock "00:17:32"]
[WhiteTeam "SV Dresden-Striesen 1990"]
[BlackTeam "Barnimer SF im SV Stahl Finow"]
[PlyCount "112"]
[WhiteFideId "34623450"]
[BlackFideId "16296516"]
[EventCountry "GER"]
[EventRounds "7"]
[EventType "team-swiss"]
[EventDate "2023.12.26"]

1. e4 {[%clk 01:30:57]} {[%emt 00:00:02]} c5 {[%clk 01:30:39]} {[%emt
00:00:21]} 2. Nf3 {[%clk 01:31:21]} {[%emt 00:00:07]} e6 {[%clk 01:30:37]}
{[%emt 00:00:31]} 3. d4 {[%clk 01:31:43]} {[%emt 00:00:08]} cxd4 {[%clk
01:30:38]} {[%emt 00:00:29]} 4. Nxd4 {[%clk 01:32:05]} {[%emt 00:00:09]} a6
{[%clk 01:30:17]} {[%emt 00:00:51]} 5. c4 {[%clk 01:32:11]} {[%emt 00:00:24]}
Qc7 {[%clk 01:30:10]} {[%emt 00:00:37]} 6. Nc3 {[%clk 01:32:21]} {[%emt
00:00:20]} b6 {[%clk 01:29:46]} {[%emt 00:00:54]} 7. Bd3 {[%clk 01:32:28]}
{[%emt 00:00:23]} Bb7 {[%clk 01:29:18]} {[%emt 00:00:57]} 8. Be3 {[%clk
01:32:34]} {[%emt 00:00:25]} d6 {[%clk 01:28:49]} {[%emt 00:00:59]} 9. O-O
{[%clk 01:32:42]} {[%emt 00:00:22]} Nf6 {[%clk 01:28:38]} {[%emt 00:00:41]} 10.
Kh1 {[%clk 01:32:42]} {[%emt 00:00:30]} Nbd7 {[%clk 01:27:28]} {[%emt
00:01:39]} 11. f3 {[%clk 01:32:05]} {[%emt 00:01:07]} Ne5 {[%clk 01:25:07]}
{[%emt 00:02:51]} 12. Rc1 {[%clk 01:31:53]} {[%emt 00:00:43]} Be7 {[%clk
01:23:12]} {[%emt 00:02:25]} 13. Be2 {[%clk 01:31:52]} {[%emt 00:00:31]} O-O
{[%clk 01:22:21]} {[%emt 00:01:22]} 14. b3 {[%clk 01:31:37]} {[%emt 00:00:45]}
Rac8 {[%clk 01:21:33]} {[%emt 00:01:18]} 15. f4 {[%clk 01:30:52]} {[%emt
00:01:16]} Nc6 {[%clk 01:19:02]} {[%emt 00:03:00]} 16. Bf3 {[%clk 01:31:01]}
{[%emt 00:00:20]} Nxd4 {[%clk 01:15:29]} {[%emt 00:04:03]} 17. Bxd4 {[%clk
01:30:44]} {[%emt 00:00:49]} e5 {[%clk 01:15:16]} {[%emt 00:00:43]} 18. Be3
{[%clk 01:30:49]} {[%emt 00:00:24]} Nd7 {[%clk 01:12:22]} {[%emt 00:03:24]} 19.
Nd5 {[%clk 01:30:26]} {[%emt 00:00:53]} Bxd5 {[%clk 01:12:10]} {[%emt
00:00:42]} 20. cxd5 {[%clk 01:30:42]} {[%emt 00:00:14]} Qb7 {[%clk 01:12:23]}
{[%emt 00:00:15]} 21. Qe2 {[%clk 01:29:26]} {[%emt 00:01:47]} b5 {[%clk
01:07:53]} {[%emt 00:05:00]} 22. Bg4 {[%clk 01:29:09]} {[%emt 00:00:48]} f6
{[%clk 01:05:37]} {[%emt 00:02:45]} 23. h3 {[%clk 01:26:29]} {[%emt 00:03:11]}
Rxc1 {[%clk 00:58:05]} {[%emt 00:08:01]} 24. Rxc1 {[%clk 01:26:51]} {[%emt
00:00:09]} Rc8 {[%clk 00:57:38]} {[%emt 00:00:56]} 25. Qe1 {[%clk 01:26:42]}
{[%emt 00:00:40]} Rc7 {[%clk 00:57:09]} {[%emt 00:00:57]} 26. Be6+ {[%clk
01:25:12]} {[%emt 00:02:01]} Kh8 {[%clk 00:56:18]} {[%emt 00:01:18]} 27. Bxd7
{[%clk 01:21:23]} {[%emt 00:04:22]} Rxc1 {[%clk 00:54:57]} {[%emt 00:01:51]}
28. Qxc1 {[%clk 01:21:45]} {[%emt 00:00:09]} Qxd7 {[%clk 00:55:03]} {[%emt
00:00:23]} 29. Bb6 {[%clk 01:21:40]} {[%emt 00:00:35]} Bd8 {[%clk 00:49:52]}
{[%emt 00:05:41]} 30. Bxd8 {[%clk 01:21:58]} {[%emt 00:00:13]} Qxd8 {[%clk
00:50:08]} {[%emt 00:00:14]} 31. fxe5 {[%clk 01:22:15]} {[%emt 00:00:15]} fxe5
{[%clk 00:50:24]} {[%emt 00:00:13]} 32. Qc6 {[%clk 01:21:36]} {[%emt 00:01:09]}
Qf8 {[%clk 00:50:30]} {[%emt 00:00:24]} 33. Kg1 {[%clk 01:21:52]} {[%emt
00:00:14]} h6 {[%clk 00:49:15]} {[%emt 00:01:45]} 34. Qxa6 {[%clk 01:22:03]}
{[%emt 00:00:19]} Qb8 {[%clk 00:47:10]} {[%emt 00:02:33]} 35. a3 {[%clk
01:20:24]} {[%emt 00:02:10]} Kh7 {[%clk 00:46:32]} {[%emt 00:01:07]} 36. Kh1
{[%clk 01:20:04]} {[%emt 00:00:52]} Qc7 {[%clk 00:44:45]} {[%emt 00:02:14]} 37.
Qc6 {[%clk 01:19:38]} {[%emt 00:00:59]} Qb8 {[%clk 00:42:46]} {[%emt 00:02:28]}
38. Qd7 {[%clk 01:18:15]} {[%emt 00:01:54]} Kh8 {[%clk 00:40:33]} {[%emt
00:02:39]} 39. a4 {[%clk 01:17:24]} {[%emt 00:01:25]} bxa4 {[%clk 00:40:28]}
{[%emt 00:00:33]} 40. Qxa4 {[%clk 01:17:44]} {[%emt 00:00:11]} Qf8 {[%clk
00:40:32]} {[%emt 00:00:25]} 41. Qc4 {[%clk 01:17:54]} {[%emt 00:00:20]} Kh7
{[%clk 00:39:09]} {[%emt 00:01:53]} 42. b4 {[%clk 01:18:06]} {[%emt 00:00:18]}
Qa8 {[%clk 00:36:40]} {[%emt 00:02:58]} 43. b5 {[%clk 01:18:07]} {[%emt
00:00:30]} Qb7 {[%clk 00:35:36]} {[%emt 00:01:30]} 44. Qc6 {[%clk 01:17:13]}
{[%emt 00:01:26]} Qf7 {[%clk 00:34:54]} {[%emt 00:01:11]} 45. Qc4 {[%clk
01:17:07]} {[%emt 00:00:38]} Qb7 {[%clk 00:34:42]} {[%emt 00:00:40]} 46. Qf1
{[%clk 01:15:32]} {[%emt 00:02:07]} Kg8 {[%clk 00:31:41]} {[%emt 00:03:30]} 47.
Kh2 {[%clk 01:14:14]} {[%emt 00:01:48]} Qb8 {[%clk 00:30:45]} {[%emt 00:01:27]}
48. Qf5 {[%clk 01:13:09]} {[%emt 00:01:35]} Kh8 {[%clk 00:27:27]} {[%emt
00:03:45]} 49. Qd7 {[%clk 01:13:29]} {[%emt 00:00:13]} Qf8 {[%clk 00:27:12]}
{[%emt 00:00:41]} 50. Kg1 {[%clk 01:13:50]} {[%emt 00:00:13]} g6 {[%clk
00:22:59]} {[%emt 00:04:41]} 51. b6 {[%clk 01:11:16]} {[%emt 00:03:07]} Qf4
{[%clk 00:22:52]} {[%emt 00:00:33]} 52. Qg4 {[%clk 01:11:34]} {[%emt 00:00:15]}
Qe3+ {[%clk 00:21:39]} {[%emt 00:01:42]} 53. Kh2 {[%clk 01:11:55]} {[%emt
00:00:11]} Qxb6 {[%clk 00:20:10]} {[%emt 00:01:59]} 54. Qxg6 {[%clk 01:12:13]}
{[%emt 00:00:12]} Qe3 {[%clk 00:20:04]} {[%emt 00:00:29]} 55. Qf6+ {[%clk
01:11:44]} {[%emt 00:01:07]} Kh7 {[%clk 00:19:34]} {[%emt 00:00:56]} 56. Qf3
{[%clk 01:12:02]} {[%emt 00:00:15]} Qb6 {[%clk 00:17:32]} {[%emt 00:02:32]}
1/2-1/2

[Event "DVM U12 2023"]
[Site "Magdeburg GER"]
[Date "2023.12.27"]
[Round "1"]
[White "Spielvogel, Oliver"]
[Black "Jahn, Gustav"]
[Result "0-1"]
[Termination "normal"]
[Board "5.3"]
[WhiteElo "1258"]
[BlackElo "1304"]
[WhiteClock "01:22:04"]
[BlackClock "01:23:24"]
[WhiteTeam "Barnimer SF im SV Stahl Finow"]
[BlackTeam "SV Dresden-Striesen 1990"]
[PlyCount "42"]
[WhiteFideId "16296494"]
[BlackFideId "34666605"]
[EventCountry "GER"]
[EventRounds "7"]
[EventType "team-swiss"]
[EventDate "2023.12.26"]

1. d4 {[%clk 01:30:59]} {[%emt 00:00:01]} Nf6 {[%clk 01:30:48]} {[%emt
00:00:11]} 2. Nf3 {[%clk 01:31:14]} {[%emt 00:00:15]} d5 {[%clk 01:30:29]}
{[%emt 00:00:48]} 3. e3 {[%clk 01:31:36]} {[%emt 00:00:10]} Bf5 {[%clk
01:30:15]} {[%emt 00:00:43]} 4. Bd3 {[%clk 01:31:57]} {[%emt 00:00:10]} Bxd3
{[%clk 01:30:17]} {[%emt 00:00:28]} 5. Qxd3 {[%clk 01:32:19]} {[%emt 00:00:08]}
e6 {[%clk 01:30:34]} {[%emt 00:00:11]} 6. O-O {[%clk 01:32:43]} {[%emt
00:00:07]} Be7 {[%clk 01:30:47]} {[%emt 00:00:16]} 7. Qb5+ {[%clk 01:32:31]}
{[%emt 00:00:43]} Nbd7 {[%clk 01:30:13]} {[%emt 00:01:03]} 8. Ne5 {[%clk
01:32:12]} {[%emt 00:00:51]} Rb8 {[%clk 01:29:00]} {[%emt 00:01:41]} 9. Nc3
{[%clk 01:30:08]} {[%emt 00:02:36]} O-O {[%clk 01:29:01]} {[%emt 00:00:29]} 10.
Qa5 {[%clk 01:30:06]} {[%emt 00:00:20]} a6 {[%clk 01:28:12]} {[%emt 00:01:29]}
11. e4 {[%clk 01:28:28]} {[%emt 00:02:07]} c5 {[%clk 01:25:59]} {[%emt
00:02:44]} 12. Qa4 {[%clk 01:26:57]} {[%emt 00:01:57]} cxd4 {[%clk 01:25:23]}
{[%emt 00:01:11]} 13. Qxd4 {[%clk 01:27:14]} {[%emt 00:00:13]} Bc5 {[%clk
01:25:39]} {[%emt 00:00:13]} 14. Qd3 {[%clk 01:25:16]} {[%emt 00:02:28]} Nxe5
{[%clk 01:26:00]} {[%emt 00:00:09]} 15. Qg3 {[%clk 01:25:37]} {[%emt 00:00:09]}
Ng6 {[%clk 01:22:08]} {[%emt 00:04:22]} 16. exd5 {[%clk 01:24:36]} {[%emt
00:01:32]} Nxd5 {[%clk 01:21:49]} {[%emt 00:00:47]} 17. Rd1 {[%clk 01:24:49]}
{[%emt 00:00:18]} Nxc3 {[%clk 01:22:02]} {[%emt 00:00:18]} 18. Rxd8 {[%clk
01:24:45]} {[%emt 00:00:34]} Ne2+ {[%clk 01:22:23]} {[%emt 00:00:09]} 19. Kf1
{[%clk 01:21:53]} {[%emt 00:03:22]} Nxg3+ {[%clk 01:22:46]} {[%emt 00:00:07]}
20. hxg3 {[%clk 01:22:08]} {[%emt 00:00:15]} Rbxd8 {[%clk 01:23:03]} {[%emt
00:00:13]} 21. Bg5 {[%clk 01:22:04]} {[%emt 00:00:34]} Rd5 {[%clk 01:23:24]}
{[%emt 00:00:10]} 0-1

[Event "DVM U12 2023"]
[Site "Magdeburg GER"]
[Date "2023.12.27"]
[Round "1"]
[White "Xu, Wanghan"]
[Black "Wünsche, Jonathan"]
[Result "1-0"]
[Termination "normal"]
[Board "5.4"]
[WhiteElo "1275"]
[BlackElo "967"]
[WhiteClock "01:16:08"]
[BlackClock "01:02:05"]
[WhiteTeam "SV Dresden-Striesen 1990"]
[BlackTeam "Barnimer SF im SV Stahl Finow"]
[PlyCount "43"]
[WhiteFideId "34608745"]
[BlackFideId "34602836"]
[EventCountry "GER"]
[EventRounds "7"]
[EventType "team-swiss"]
[EventDate "2023.12.26"]

1. Nf3 {[%clk 01:30:56]} {[%emt 00:00:03]} d5 {[%clk 01:30:40]} {[%emt
00:00:20]} 2. e3 {[%clk 01:31:19]} {[%emt 00:00:08]} e6 {[%clk 01:30:13]}
{[%emt 00:00:49]} 3. c4 {[%clk 01:31:21]} {[%emt 00:00:36]} Nf6 {[%clk
01:30:06]} {[%emt 00:00:37]} 4. Nc3 {[%clk 01:31:11]} {[%emt 00:00:39]} Be7
{[%clk 01:30:02]} {[%emt 00:00:33]} 5. cxd5 {[%clk 01:30:12]} {[%emt 00:01:31]}
exd5 {[%clk 01:30:09]} {[%emt 00:00:22]} 6. d4 {[%clk 01:30:15]} {[%emt
00:00:28]} O-O {[%clk 01:30:13]} {[%emt 00:00:25]} 7. Be2 {[%clk 01:29:53]}
{[%emt 00:00:51]} b6 {[%clk 01:29:44]} {[%emt 00:00:59]} 8. O-O {[%clk
01:29:22]} {[%emt 00:01:02]} Bb7 {[%clk 01:29:44]} {[%emt 00:00:29]} 9. b3
{[%clk 01:29:00]} {[%emt 00:00:52]} Nbd7 {[%clk 01:28:08]} {[%emt 00:02:06]}
10. Bb2 {[%clk 01:29:08]} {[%emt 00:00:22]} Ne4 {[%clk 01:21:49]} {[%emt
00:06:49]} 11. Nd2 {[%clk 01:27:05]} {[%emt 00:02:33]} Ndf6 {[%clk 01:20:23]}
{[%emt 00:01:55]} 12. Ndxe4 {[%clk 01:26:32]} {[%emt 00:01:04]} Nxe4 {[%clk
01:19:59]} {[%emt 00:00:55]} 13. Rc1 {[%clk 01:25:05]} {[%emt 00:01:56]} Rc8
{[%clk 01:18:02]} {[%emt 00:02:25]} 14. Bf3 {[%clk 01:20:44]} {[%emt 00:04:54]}
Nxc3 {[%clk 01:16:10]} {[%emt 00:02:22]} 15. Rxc3 {[%clk 01:20:49]} {[%emt
00:00:24]} Ba6 {[%clk 01:12:40]} {[%emt 00:04:00]} 16. Be2 {[%clk 01:20:46]}
{[%emt 00:00:34]} Bxe2 {[%clk 01:10:05]} {[%emt 00:03:04]} 17. Qxe2 {[%clk
01:21:09]} {[%emt 00:00:09]} Qd6 {[%clk 01:07:24]} {[%emt 00:03:10]} 18. Rfc1
{[%clk 01:18:56]} {[%emt 00:02:44]} Bd8 {[%clk 01:04:16]} {[%emt 00:03:38]} 19.
Qa6 {[%clk 01:17:08]} {[%emt 00:02:17]} Re8 {[%clk 01:02:26]} {[%emt 00:02:21]}
20. Qxc8 {[%clk 01:16:43]} {[%emt 00:00:55]} Re7 {[%clk 01:01:53]} {[%emt
00:01:03]} 21. Rc6 {[%clk 01:16:24]} {[%emt 00:00:49]} Qd7 {[%clk 01:02:05]}
{[%emt 00:00:17]} 22. Rxc7 {[%clk 01:16:08]} {[%emt 00:00:47]} 1-0

[Event "DVM U12 2023"]
[Site "Magdeburg GER"]
[Date "2023.12.27"]
[Round "1"]
[White "Greive, Jakob"]
[Black "Wang, Kaiwen"]
[Result "0-1"]
[Termination "normal"]
[Board "6.2"]
[WhiteElo "1558"]
[BlackElo "1446"]
[WhiteClock "00:56:24"]
[BlackClock "01:24:58"]
[WhiteTeam "TV Tegernsee"]
[BlackTeam "Hamburger SK 1830"]
[PlyCount "64"]
[WhiteFideId "34603476"]
[BlackFideId "16279514"]
[EventCountry "GER"]
[EventRounds "7"]
[EventType "team-swiss"]
[EventDate "2023.12.26"]

1. e4 {[%clk 01:30:55]} {[%emt 00:00:04]} e5 {[%clk 01:30:48]} {[%emt
00:00:14]} 2. Nf3 {[%clk 01:31:18]} {[%emt 00:00:06]} Nc6 {[%clk 01:31:13]}
{[%emt 00:00:05]} 3. Bc4 {[%clk 01:31:42]} {[%emt 00:00:06]} Bc5 {[%clk
01:31:35]} {[%emt 00:00:08]} 4. Nc3 {[%clk 01:31:12]} {[%emt 00:01:00]} d6
{[%clk 01:31:38]} {[%emt 00:00:28]} 5. d3 {[%clk 01:27:23]} {[%emt 00:04:19]}
Na5 {[%clk 01:31:45]} {[%emt 00:00:23]} 6. Bb3 {[%clk 01:17:50]} {[%emt
00:10:02]} Nxb3 {[%clk 01:32:02]} {[%emt 00:00:14]} 7. axb3 {[%clk 01:17:59]}
{[%emt 00:00:20]} Nf6 {[%clk 01:32:04]} {[%emt 00:00:28]} 8. Bg5 {[%clk
01:17:07]} {[%emt 00:01:21]} h6 {[%clk 01:31:44]} {[%emt 00:00:52]} 9. Bh4
{[%clk 01:17:04]} {[%emt 00:00:32]} c6 {[%clk 01:27:17]} {[%emt 00:04:57]} 10.
d4 {[%clk 01:11:49]} {[%emt 00:05:44]} exd4 {[%clk 01:27:04]} {[%emt 00:00:45]}
11. Nxd4 {[%clk 01:11:50]} {[%emt 00:00:28]} O-O {[%clk 01:26:54]} {[%emt
00:00:40]} 12. O-O {[%clk 01:09:24]} {[%emt 00:02:57]} Re8 {[%clk 01:25:33]}
{[%emt 00:01:50]} 13. Re1 {[%clk 01:08:11]} {[%emt 00:01:43]} Bg4 {[%clk
01:22:59]} {[%emt 00:03:05]} 14. Bxf6 {[%clk 01:07:06]} {[%emt 00:01:35]} Qxf6
{[%clk 01:23:21]} {[%emt 00:00:08]} 15. Qxg4 {[%clk 01:05:26]} {[%emt
00:02:10]} Bxd4 {[%clk 01:22:49]} {[%emt 00:01:02]} 16. Qg3 {[%clk 01:03:16]}
{[%emt 00:02:40]} Re5 {[%clk 01:22:08]} {[%emt 00:01:11]} 17. Ra4 {[%clk
00:58:07]} {[%emt 00:05:38]} Rg5 {[%clk 01:21:45]} {[%emt 00:00:54]} 18. Qh4
{[%clk 00:57:23]} {[%emt 00:01:14]} Bxc3 {[%clk 01:21:51]} {[%emt 00:00:24]}
19. e5 {[%clk 00:56:15]} {[%emt 00:01:38]} Rxe5 {[%clk 01:21:40]} {[%emt
00:00:41]} 20. Rxe5 {[%clk 00:56:02]} {[%emt 00:00:42]} Qxh4 {[%clk 01:21:11]}
{[%emt 00:01:00]} 21. Rxh4 {[%emt 00:01:15]} Bxe5 {[%emt 00:00:08]} 22. c3
{[%clk 00:54:36]} {[%emt 00:00:32]} Re8 {[%clk 01:21:35]} {[%emt 00:00:07]} 23.
g3 {[%clk 00:54:32]} {[%emt 00:00:35]} Bf6 {[%clk 01:21:55]} {[%emt 00:00:10]}
24. Rb4 {[%clk 00:54:49]} {[%emt 00:00:12]} b6 {[%clk 01:22:15]} {[%emt
00:00:10]} 25. Rc4 {[%clk 00:54:42]} {[%emt 00:00:37]} c5 {[%clk 01:22:36]}
{[%emt 00:00:09]} 26. Ra4 {[%clk 00:55:04]} {[%emt 00:00:05]} a5 {[%clk
01:23:04]} {[%emt 00:00:05]} 27. b4 {[%clk 00:55:04]} {[%emt 00:00:30]} axb4
{[%clk 01:23:12]} {[%emt 00:00:23]} 28. cxb4 {[%clk 00:55:21]} {[%emt
00:00:12]} Bxb2 {[%clk 01:23:35]} {[%emt 00:00:08]} 29. bxc5 {[%clk 00:55:38]}
{[%emt 00:00:13]} dxc5 {[%clk 01:23:58]} {[%emt 00:00:07]} 30. Ra6 {[%clk
00:56:03]} {[%emt 00:00:04]} c4 {[%clk 01:24:11]} {[%emt 00:00:17]} 31. Rxb6
{[%clk 00:56:14]} {[%emt 00:00:19]} Re1+ {[%clk 01:24:34]} {[%emt 00:00:08]}
32. Kg2 {[%clk 00:56:24]} {[%emt 00:00:19]} c3 {[%clk 01:24:58]} {[%emt
00:00:06]} 0-1

[Event "DVM U12 2023"]
[Site "Magdeburg GER"]
[Date "2023.12.27"]
[Round "1"]
[White "Tuktamyshev, Timur"]
[Black "Hefele, Stefanie"]
[Result "1-0"]
[Termination "normal"]
[Board "6.3"]
[WhiteElo "1391"]
[BlackElo "1174"]
[WhiteClock "01:17:20"]
[BlackClock "00:30:51"]
[WhiteTeam "Hamburger SK 1830"]
[BlackTeam "TV Tegernsee"]
[PlyCount "51"]
[WhiteFideId "34637125"]
[BlackFideId "34612041"]
[EventCountry "GER"]
[EventRounds "7"]
[EventType "team-swiss"]
[EventDate "2023.12.26"]

1. e4 {[%clk 01:30:59]} {[%emt 00:00:01]} e5 {[%clk 01:31:28]} {[%emt
00:00:02]} 2. Nf3 {[%clk 01:31:28]} {[%emt 00:00:03]} Nc6 {[%clk 01:31:40]}
{[%emt 00:00:16]} 3. Bc4 {[%clk 01:31:56]} {[%emt 00:00:01]} Nf6 {[%clk
01:30:49]} {[%emt 00:01:21]} 4. Ng5 {[%clk 01:32:16]} {[%emt 00:00:11]} d5
{[%clk 01:28:32]} {[%emt 00:02:47]} 5. exd5 {[%clk 01:32:42]} {[%emt 00:00:04]}
Nxd5 {[%clk 01:23:56]} {[%emt 00:05:06]} 6. d4 {[%clk 01:31:46]} {[%emt
00:01:24]} f6 {[%clk 01:17:58]} {[%emt 00:06:28]} 7. dxe5 {[%clk 01:28:34]}
{[%emt 00:03:43]} fxg5 {[%clk 01:12:12]} {[%emt 00:06:16]} 8. Bxd5 {[%clk
01:28:25]} {[%emt 00:00:40]} Nxe5 {[%clk 01:08:39]} {[%emt 00:04:02]} 9. O-O
{[%clk 01:27:19]} {[%emt 00:01:36]} Bg4 {[%clk 01:02:42]} {[%emt 00:06:27]} 10.
Qd4 {[%clk 01:25:15]} {[%emt 00:02:34]} Qf6 {[%clk 00:58:36]} {[%emt 00:04:35]}
11. Re1 {[%clk 01:24:18]} {[%emt 00:01:28]} Bd6 {[%clk 00:57:05]} {[%emt
00:02:01]} 12. Qxg4 {[%clk 01:23:37]} {[%emt 00:01:10]} Kd8 {[%clk 00:45:07]}
{[%emt 00:12:30]} 13. Qxg5 {[%clk 01:22:24]} {[%emt 00:01:42]} c6 {[%clk
00:43:39]} {[%emt 00:01:59]} 14. Bb3 {[%clk 01:19:49]} {[%emt 00:03:06]} Re8
{[%clk 00:42:43]} {[%emt 00:01:25]} 15. Qxf6+ {[%clk 01:18:46]} {[%emt
00:01:34]} gxf6 {[%clk 00:42:55]} {[%emt 00:00:18]} 16. Bd2 {[%clk 01:18:38]}
{[%emt 00:00:38]} Kc7 {[%clk 00:40:14]} {[%emt 00:03:11]} 17. Nc3 {[%clk
01:18:36]} {[%emt 00:00:32]} Re7 {[%clk 00:39:11]} {[%emt 00:01:33]} 18. Ne4
{[%clk 01:18:38]} {[%emt 00:00:29]} Rae8 {[%clk 00:37:32]} {[%emt 00:02:09]}
19. Nxf6 {[%clk 01:17:43]} {[%emt 00:01:26]} Rf8 {[%clk 00:36:14]} {[%emt
00:01:48]} 20. Ne4 {[%clk 01:17:51]} {[%emt 00:00:21]} Ng4 {[%clk 00:34:01]}
{[%emt 00:02:42]} 21. Nxd6 {[%clk 01:16:48]} {[%emt 00:01:34]} Rxe1+ {[%clk
00:32:40]} {[%emt 00:01:50]} 22. Rxe1 {[%clk 01:17:07]} {[%emt 00:00:11]} Kxd6
{[%clk 00:32:58]} {[%emt 00:00:13]} 23. Bb4+ {[%clk 01:16:33]} {[%emt
00:01:04]} c5 {[%clk 00:32:49]} {[%emt 00:00:39]} 24. Re6+ {[%clk 01:17:01]}
{[%emt 00:00:03]} Kd7 {[%clk 00:32:34]} {[%emt 00:00:45]} 25. Bxc5 {[%clk
01:17:20]} {[%emt 00:00:10]} b6 {[%clk 00:30:51]} {[%emt 00:02:14]} 26. Bxf8
{[%emt 00:00:12]} 1-0